Rekordná výroba slovenských jadrových elektrární
Pohľad na bezpečnosť jadrových elektrární na Slovensku. Hodnotenie bezpečnosti. Rekordne vysoká produkcia elektriny. Zdroje bez emisií.
Enregistré dans:
| Format: | Chapitre de livre |
|---|---|
| Langue: | slovaque |
| Sujets: | |
| Tags: |
Pas de tags, Soyez le premier à ajouter un tag!
|
MARC
| LEADER | 00000naa a2200000 4500 | ||
|---|---|---|---|
| 001 | 0184314 | ||
| 005 | 20221020085924.0 | ||
| 041 | 0 | |a slo | |
| 044 | |a CZ | ||
| 245 | 1 | 0 | |a Rekordná výroba slovenských jadrových elektrární |
| 520 | |a Pohľad na bezpečnosť jadrových elektrární na Slovensku. Hodnotenie bezpečnosti. Rekordne vysoká produkcia elektriny. Zdroje bez emisií. | ||
| 610 | 2 | 0 | |a elektrárne atómové |
| 610 | 2 | 0 | |a energia atómová |
| 610 | 2 | 0 | |a Slovensko |
| 610 | 2 | 0 | |a bezpečnosť energetická |
| 610 | 2 | 0 | |a bezpečnosť environmentálna |